000
00276nam a2200121Ia 4500
008
230907s9999||||xx |||||||||||||| ||und||
082
_a
869.342
_b
COE
245
0
_a
Aleph /
260
_a
Thorson,
_c
2011
300
_a
288 p.
650
_a
English Literature
_9
318
942
_c
BK
999
_c
599805
_d
599805